[Event "22nd Ruzomberok Open 2019"]
[Site "Ruzomberok"]
[Date "2019.07.06"]
[Round "8.9"]
[White "Bednar, Jan"]
[Black "Balogh, Peter"]
[Result "1-0"]
[WhiteElo "2084"]
[BlackElo "2258"]
[Annotator "NA"]
[PlyCount "55"]
[EventDate "2019.06.29"]
[EventType "swiss"]
[EventCountry "SVK"]
[SourceTitle "playchess.com"]
[Source "ChessBase"]
[SourceQuality "1"]
[TimeControl "40/5400+30:1800+30"]

1. Nf3 {[%emt 0:00:00]} Nc6 {[%emt 0:02:00]} 2. d4 {[%emt 0:02:51]} d5 {[%emt 0:00:24]} 3. g3 {[%emt 0:01:19]} Bg4 {[%emt 0:00:37]} 4. Bg2 {[%emt 0:00:05]} Qd7 {[%emt 0:00:09]} 5. b4 {[%emt 0:03:30]} f6 {[%emt 0:02:26]} 6. b5 {[%emt 0:00:52]} Nd8 {[%emt 0:00:56]} 7. a4 {[%emt 0:00:28]} Bh3 {[%emt 0:05:59]} 8. Kf1 {[%emt 0:06:03]} Nf7 {[%emt 0:04:07]} 9. Na3 {[%emt 0:03:21]} e5 {[%emt 0:05:56]} 10. c4 {[%emt 0:03:28]} dxc4 {[%emt 0:05:01]} 11. Nxc4 {[%emt 0:06:02]} O-O-O {[%emt 0:10:01]} 12. Qc2 {[%emt 0:06:36]} Kb8 {[%emt 0:00:59]} 13. Be3 {[%emt 0:02:11]} h5 {[%emt 0:06:38]} 14. a5 {[%emt 0:09:51]} h4 {[%emt 0:01:19]} 15. b6 {[%emt 0:02:00]} Bxg2+ {[%emt 0:08:26]} 16. Kxg2 {[%emt 0:00:45]} h3+ {[%emt 0:00:09]} 17. Kf1 {[%emt 0:00:27]} Qc6 {[%emt 0:03:10]} 18. bxc7+ {[%emt 0:05:23]} Qxc7 {[%emt 0:01:14]} 19. dxe5 {[%emt 0:02:39]} fxe5 {[%emt 0:01:21]} 20. Bb6 {[%emt 0:00:46]} axb6 {[%emt 0:12:37]} 21. axb6 {[%emt 0:01:00]} Qc6 {[%emt 0:00:25]} 22. Qa2 {[%emt 0:06:41]} Kc8 {[%emt 0:00:53]} 23. Qa8+ {[%emt 0:00:11]} Kd7 {[%emt 0:00:13]} 24. Ncxe5+ {[%emt 0:00:09]} Nxe5 {[%emt 0:08:15]} 25. Nxe5+ {[%emt 0:00:05]} Kd6 {[%emt 0:02:19]} 26. Nxc6 {[%emt 0:00:31]} Rxa8 {[%emt 0:00:07]} 27. Rxa8 {[%emt 0:00:04]} Kxc6 {[%emt 0:00:07]} 28. Rxf8 {[%emt 0:00:07]} 1-0

[Event "22nd Ruzomberok Open 2019"]
[Site "Ruzomberok"]
[Date "2019.07.06"]
[Round "8.10"]
[White "Zahradnik, Vladimir"]
[Black "Holly, Andrej"]
[Result "1-0"]
[WhiteElo "1862"]
[BlackElo "2046"]
[Annotator "NA"]
[PlyCount "73"]
[EventDate "2019.06.29"]
[EventType "swiss"]
[EventCountry "SVK"]
[SourceTitle "playchess.com"]
[Source "ChessBase"]
[SourceQuality "1"]
[TimeControl "40/5400+30:1800+30"]

1. d4 {[%emt 0:00:00]} Nf6 {[%emt 0:00:00]} 2. c4 {[%emt 0:00:00]} g6 {[%emt 0:00:00]} 3. Nc3 {[%emt 0:00:00]} Bg7 {[%emt 0:00:12]} 4. Nf3 {[%emt 0:01:17]} O-O {[%emt 0:00:27]} 5. g3 {[%emt 0:01:29]} d6 {[%emt 0:01:00]} 6. Bg2 {[%emt 0:00:16]} Nbd7 {[%emt 0:01:32]} 7. O-O {[%emt 0:00:16]} e5 {[%emt 0:01:01]} 8. dxe5 {[%emt 0:03:53]} dxe5 {[%emt 0:00:35]} 9. h3 {[%emt 0:00:37]} c6 {[%emt 0:02:24]} 10. Be3 {[%emt 0:00:39]} Qc7 {[%emt 0:03:52]} 11. Qc2 {[%emt 0:02:20]} Nh5 {[%emt 0:05:58]} 12. Rad1 {[%emt 0:04:42]} f5 {[%emt 0:04:15]} 13. Bc1 {[%emt 0:02:19]} e4 {[%emt 0:09:59]} 14. Ng5 {[%emt 0:07:37]} Ne5 {[%emt 0:06:24]} 15. c5 {[%emt 0:00:22]} Qe7 {[%emt 0:01:47]} 16. Rd6 {[%emt 0:08:05]} b5 {[%emt 0:11:21]} 17. h4 {[%emt 0:04:39]} Nc4 {[%emt 0:08:09]} 18. Rxc6 {[%emt 0:01:57]} a6 {[%emt 0:02:29]} 19. b3 {[%emt 0:02:04]} Bd7 {[%emt 0:00:39]} 20. Rc7 {[%emt 0:00:27]} Qd8 {[%emt 0:06:55]} 21. Rxd7 {[%emt 0:00:12]} Qxd7 {[%emt 0:00:20]} 22. bxc4 {[%emt 0:00:06]} h6 {[%emt 0:05:18]} 23. Nh3 {[%emt 0:07:55]} Qc6 {[%emt 0:04:25]} 24. cxb5 {[%emt 0:05:18]} Qxc5 {[%emt 0:00:49]} 25. Qb3+ {[%emt 0:00:12]} Kh7 {[%emt 0:00:11]} 26. Nxe4 {[%emt 0:03:00]} fxe4 {[%emt 0:02:42]} 27. Bxe4 {[%emt 0:00:28]} axb5 {[%emt 0:09:07]} 28. Bxa8 {[%emt 0:01:53]} Rxa8 {[%emt 0:00:01]} 29. a3 {[%emt 0:02:06]} Qe5 {[%emt 0:03:56]} 30. Qd3 {[%emt 0:01:50]} Bf6 {[%emt 0:04:24]} 31. Bf4 {[%emt 0:07:34]} Qe6 {[%emt 0:02:04]} 32. Kh2 {[%emt 0:01:05]} Ra4 {[%emt 0:02:56]} 33. Rb1 {[%emt 0:00:31]} Bxh4 {[%emt 0:00:41]} 34. Rxb5 {[%emt 0:00:56]} Bf6 {[%emt 0:00:35]} 35. Rxh5 {[%emt 0:00:28]} Rd4 {[%emt 0:00:23]} 36. Rxh6+ {[%emt 0:00:24]} Kg7 {[%emt 0:00:10]} 37. Qxg6+ 1-0

[Event "22nd Ruzomberok Open 2019"]
[Site "Ruzomberok"]
[Date "2019.07.06"]
[Round "8.11"]
[White "Pecho, Juraj"]
[Black "Orvisky, Vladimir"]
[Result "1-0"]
[WhiteElo "1900"]
[BlackElo "1704"]
[Annotator "NA"]
[PlyCount "59"]
[EventDate "2019.06.29"]
[EventType "swiss"]
[EventCountry "SVK"]
[SourceTitle "playchess.com"]
[Source "ChessBase"]
[SourceQuality "1"]
[TimeControl "40/5400+30:1800+30"]

1. d4 {[%emt 0:00:00]} d5 {[%emt 0:00:00]} 2. Bf4 {[%emt 0:00:00]} Nf6 {[%emt 0:00:30]} 3. e3 {[%emt 0:00:09]} Bf5 {[%emt 0:01:37]} 4. Nf3 {[%emt 0:00:27]} h6 {[%emt 0:01:13]} 5. c4 {[%emt 0:00:39]} c6 {[%emt 0:01:08]} 6. Nc3 {[%emt 0:00:20]} e6 {[%emt 0:03:18]} 7. Qb3 {[%emt 0:00:19]} Qb6 {[%emt 0:04:56]} 8. h3 {[%emt 0:00:53]} Qxb3 {[%emt 0:00:17]} 9. axb3 {[%emt 0:00:15]} Bb4 10. Bxb8 {[%emt 0:10:50]} Rxb8 {[%emt 0:05:33]} 11. Rxa7 Ne4 {[%emt 0:07:41]} 12. Ne5 {[%emt 0:04:24]} Nxc3 {[%emt 0:02:39]} 13. bxc3 {[%emt 0:04:12]} Bxc3+ {[%emt 0:13:52]} 14. Kd1 {[%emt 0:00:23]} f6 {[%emt 0:01:08]} 15. Nd3 {[%emt 0:00:36]} e5 {[%emt 0:07:34]} 16. Nc5 {[%emt 0:08:42]} O-O {[%emt 0:00:37]} 17. g4 {[%emt 0:05:05]} Bc8 {[%emt 0:04:37]} 18. Na4 {[%emt 0:05:43]} Bb4 {[%emt 0:02:27]} 19. c5 {[%emt 0:06:40]} exd4 {[%emt 0:12:47]} 20. exd4 {[%emt 0:00:19]} Rf7 {[%emt 0:04:38]} 21. Bd3 {[%emt 0:03:20]} b5 {[%emt 0:00:16]} 22. cxb6 {[%emt 0:01:29]} Rxa7 {[%emt 0:04:39]} 23. bxa7 Ra8 {[%emt 0:01:10]} 24. Kc2 {[%emt 0:00:54]} Rxa7 25. Nc3 {[%emt 0:03:43]} Bd6 {[%emt 0:01:15]} 26. f4 Bxf4 {[%emt 0:00:51]} 27. Bg6 {[%emt 0:04:55]} Kf8 28. Re1 {[%emt 0:01:14]} Re7 {[%emt 0:00:42]} 29. Ra1 Be6 30. Ra8+ {[%emt 0:00:22] Bd7} 1-0

[Event "22nd Ruzomberok Open 2019"]
[Site "Ruzomberok"]
[Date "2019.07.06"]
[Round "8.12"]
[White "Bartek, Ladislav"]
[Black "Ambrozi, Peter"]
[Result "1/2-1/2"]
[WhiteElo "2042"]
[BlackElo "1888"]
[Annotator "NA"]
[PlyCount "49"]
[EventDate "2019.06.29"]
[EventType "swiss"]
[EventCountry "SVK"]
[SourceTitle "playchess.com"]
[Source "ChessBase"]
[SourceQuality "1"]
[TimeControl "40/5400+30:1800+30"]

1. e4 {[%emt 0:00:00]} c5 {[%emt 0:00:00]} 2. Nf3 {[%emt 0:00:00]} Nc6 {[%emt 0:00:00]} 3. d4 {[%emt 0:00:00]} cxd4 {[%emt 0:00:00]} 4. Nxd4 {[%emt 0:00:01]} g6 {[%emt 0:00:00]} 5. Nc3 {[%emt 0:00:10]} Bg7 {[%emt 0:00:06]} 6. Be3 {[%emt 0:00:11]} Nf6 {[%emt 0:00:12]} 7. Bc4 {[%emt 0:00:09]} O-O {[%emt 0:00:29]} 8. Bb3 {[%emt 0:00:06]} d6 {[%emt 0:01:57]} 9. f3 {[%emt 0:00:08]} Na5 {[%emt 0:00:52]} 10. Qd2 {[%emt 0:00:11]} Nxb3 {[%emt 0:00:15]} 11. cxb3 {[%emt 0:00:19]} Bd7 {[%emt 0:02:19]} 12. O-O-O {[%emt 0:00:10]} a5 {[%emt 0:06:32]} 13. h4 {[%emt 0:01:01]} h5 {[%emt 0:03:14]} 14. g4 {[%emt 0:00:09]} hxg4 {[%emt 0:00:10]} 15. h5 {[%emt 0:00:05]} a4 {[%emt 0:00:47]} 16. hxg6 {[%emt 0:02:31]} fxg6 {[%emt 0:01:04]} 17. Bh6 {[%emt 0:00:42]} Rf7 {[%emt 0:03:36]} 18. Qg5 {[%emt 0:02:52]} axb3 {[%emt 0:03:36]} 19. a3 {[%emt 0:02:40]} e5 {[%emt 0:06:38]} 20. Nxb3 {[%emt 0:03:10]} Ne8 {[%emt 0:00:56]} 21. Qxd8 {[%emt 0:03:01]} Rxd8 {[%emt 0:00:13]} 22. Bxg7 {[%emt 0:00:17]} Kxg7 {[%emt 0:04:06]} 23. fxg4 {[%emt 0:00:44]} Bxg4 {[%emt 0:01:07]} 24. Rdg1 {[%emt 0:00:45]} Be6 {[%emt 0:00:15]} 25. Nd2 {[%emt 0:02:54]} 1/2-1/2

[Event "22nd Ruzomberok Open 2019"]
[Site "Ruzomberok"]
[Date "2019.07.06"]
[Round "8.13"]
[White "Mocary, Metod"]
[Black "Bemak, Mikhail"]
[Result "1-0"]
[WhiteElo "1857"]
[BlackElo "2102"]
[Annotator "NA"]
[PlyCount "110"]
[EventDate "2019.06.29"]
[EventType "swiss"]
[EventCountry "SVK"]
[SourceTitle "playchess.com"]
[Source "ChessBase"]
[SourceQuality "1"]
[TimeControl "40/5400+30:1800+30"]

1. d4 {[%emt 0:00:00]} Nf6 {[%emt 0:01:10]} 2. Nf3 {[%emt 0:00:30]} b5 {[%emt 0:00:22]} 3. g3 {[%emt 0:01:07]} Bb7 {[%emt 0:00:06]} 4. Bg2 {[%emt 0:00:22]} g6 {[%emt 0:00:33]} 5. O-O {[%emt 0:00:31]} Bg7 {[%emt 0:00:06]} 6. b3 {[%emt 0:06:44]} O-O {[%emt 0:00:28]} 7. Bb2 {[%emt 0:02:20]} d6 {[%emt 0:07:50]} 8. Nbd2 {[%emt 0:03:24]} Nbd7 {[%emt 0:02:09]} 9. c4 {[%emt 0:07:03]} bxc4 {[%emt 0:08:10]} 10. Nxc4 {[%emt 0:11:28]} Rb8 {[%emt 0:10:43]} 11. Rc1 {[%emt 0:06:17]} c5 {[%emt 0:00:46]} 12. e3 {[%emt 0:02:07]} Ba6 {[%emt 0:20:09]} 13. Re1 {[%emt 0:00:51]} Bxc4 {[%emt 0:10:55]} 14. Rxc4 {[%emt 0:00:37]} d5 {[%emt 0:01:01]} 15. Rc2 {[%emt 0:01:37]} cxd4 {[%emt 0:11:30]} 16. Nxd4 {[%emt 0:08:58]} Rb6 {[%emt 0:00:52]} 17. Nc6 {[%emt 0:01:02]} Qe8 {[%emt 0:03:11]} 18. Ba3 {[%emt 0:07:24]} e6 {[%emt 0:00:09]} 19. Bxf8 {[%emt 0:05:04]} Bxf8 {[%emt 0:00:26]} 20. Qc1 {[%emt 0:03:13]} Nc5 {[%emt 0:01:05]} 21. Rxc5 {[%emt 0:01:20]} Bxc5 {[%emt 0:00:36]} 22. Qxc5 {[%emt 0:00:09]} Qxc6 {[%emt 0:00:11]} 23. Rc1 {[%emt 0:00:44]} Qxc5 {[%emt 0:02:13]} 24. Rxc5 {[%emt 0:00:04]} Rb7 {[%emt 0:00:01]} 25. Kf1 {[%emt 0:03:14]} Kf8 {[%emt 0:00:07]} 26. Ke2 {[%emt 0:01:02]} Ke7 {[%emt 0:00:01]} 27. h3 {[%emt 0:00:53]} Kd6 {[%emt 0:00:10]} 28. Rc2 {[%emt 0:00:36]} Rb5 {[%emt 0:00:55]} 29. Kd3 {[%emt 0:01:06]} Nd7 {[%emt 0:01:46]} 30. Kd2 {[%emt 0:05:54]} a5 {[%emt 0:04:31]} 31. Bf1 {[%emt 0:00:50]} Rc5 {[%emt 0:00:17]} 32. Rc3 {[%emt 0:03:05]} e5 {[%emt 0:00:47]} 33. a3 {[%emt 0:03:12]} Nf6 {[%emt 0:06:29]} 34. Bd3 {[%emt 0:01:14]} Nd7 {[%emt 0:04:06]} 35. b4 {[%emt 0:01:13]} axb4 {[%emt 0:00:04]} 36. axb4 {[%emt 0:00:00]} Rxc3 {[%emt 0:00:23]} 37. Kxc3 f5 38. f4 {[%emt 0:04:02]} e4 {[%emt 0:02:05]} 39. Be2 {[%emt 0:00:40]} Nf8 {[%emt 0:00:36]} 40. Bd1 {[%emt 0:07:31]} Ne6 {[%emt 0:00:38]} 41. Bb3 {[%emt 0:31:31]} Ng7 {[%emt 0:29:49]} 42. Kd4 {[%emt 0:01:02]} Ne6+ {[%emt 0:01:23]} 43. Kc3 {[%emt 0:00:15]} g5 {[%emt 0:00:00]} 44. Kd2 {[%emt 0:00:00]} gxf4 {[%emt 0:00:00]} 45. exf4 {[%emt 0:00:00]} h6 {[%emt 0:00:00]} 46. Ba4 {[%emt 0:00:00]} d4 {[%emt 0:00:00]} 47. Bb3 {[%emt 0:00:00]} Nc7 {[%emt 0:00:00]} 48. Bc4 {[%emt 0:00:00]} Ne8 {[%emt 0:00:21]} 49. g4 {[%emt 0:00:00]} fxg4 {[%emt 0:00:28]} 50. hxg4 {[%emt 0:00:00]} Nf6 {[%emt 0:00:26]} 51. g5 {[%emt 0:00:00]} hxg5 {[%emt 0:00:01]} 52. fxg5 {[%emt 0:00:00]} Nh5 {[%emt 0:00:21]} 53. g6 {[%emt 0:00:00]} Ng7 {[%emt 0:00:22]} 54. Bf1 {[%emt 0:00:00]} Kd5 55. Bg2 Kd6 1-0

[Event "22nd Ruzomberok Open 2019"]
[Site "Ruzomberok"]
[Date "2019.07.06"]
[Round "8.14"]
[White "Hrnciar, Roman"]
[Black "Marsina, Stefan"]
[Result "1-0"]
[WhiteElo "2096"]
[BlackElo "1880"]
[Annotator "NA"]
[PlyCount "62"]
[EventDate "2019.06.29"]
[EventType "swiss"]
[EventCountry "SVK"]
[SourceTitle "playchess.com"]
[Source "ChessBase"]
[SourceQuality "1"]
[TimeControl "40/5400+30:1800+30"]

1. f4 {[%emt 0:00:17]} Nf6 {[%emt 0:14:09]} 2. Nf3 {[%emt 0:04:46]} d5 {[%emt 0:01:52]} 3. e3 {[%emt 0:01:23]} e6 {[%emt 0:00:18]} 4. b3 {[%emt 0:00:07]} c5 5. Bb2 {[%emt 0:00:13]} Nc6 {[%emt 0:01:38]} 6. Bb5 {[%emt 0:00:15]} Bd7 {[%emt 0:00:27]} 7. O-O {[%emt 0:00:15]} Be7 {[%emt 0:00:13]} 8. Bxc6 {[%emt 0:01:28]} Bxc6 {[%emt 0:00:07]} 9. Ne5 {[%emt 0:00:08]} Bb5 {[%emt 0:00:51]} 10. d3 {[%emt 0:00:12]} O-O {[%emt 0:00:52]} 11. Nd2 {[%emt 0:00:24]} Rc8 {[%emt 0:05:22]} 12. Qe2 {[%emt 0:00:45]} Nd7 {[%emt 0:22:46]} 13. Rf3 {[%emt 0:12:13]} f5 {[%emt 0:07:32]} 14. Rh3 {[%emt 0:03:29]} Qe8 {[%emt 0:15:21]} 15. c4 {[%emt 0:05:04]} Nxe5 {[%emt 0:02:25]} 16. Bxe5 {[%emt 0:02:08]} Bc6 {[%emt 0:01:28]} 17. Nf3 {[%emt 0:06:36]} Bf6 {[%emt 0:05:39]} 18. Qb2 {[%emt 0:02:06]} b5 {[%emt 0:01:44]} 19. Rg3 {[%emt 0:00:30]} Qe7 {[%emt 0:05:21]} 20. Rd1 {[%emt 0:05:18]} Rcd8 {[%emt 0:01:18]} 21. Bxf6 {[%emt 0:04:54]} Rxf6 {[%emt 0:01:36]} 22. Ne5 {[%emt 0:00:46]} Be8 {[%emt 0:00:28]} 23. cxb5 {[%emt 0:01:33]} Bxb5 {[%emt 0:00:20]} 24. a4 {[%emt 0:00:05]} Be8 {[%emt 0:00:11]} 25. Rc1 {[%emt 0:00:07]} Rb8 {[%emt 0:04:33]} 26. Qa3 {[%emt 0:01:43]} Rb4 {[%emt 0:00:59]} 27. d4 {[%emt 0:01:47]} Qb7 {[%emt 0:01:31]} 28. dxc5 {[%emt 0:05:17]} Rxb3 {[%emt 0:02:16]} 29. Qa1 {[%emt 0:01:11]} Rb2 {[%emt 0:02:13]} 30. Nd3 Bc6 31. Ne5 Be8 1-0

[Event "22nd Ruzomberok Open 2019"]
[Site "Ruzomberok"]
[Date "2019.07.06"]
[Round "8.15"]
[White "Cech, Dominik"]
[Black "Ucekajova, Veronika"]
[Result "1-0"]
[WhiteElo "2092"]
[BlackElo "1836"]
[Annotator "NA"]
[PlyCount "87"]
[EventDate "2019.06.29"]
[EventType "swiss"]
[EventCountry "SVK"]
[SourceTitle "playchess.com"]
[Source "ChessBase"]
[SourceQuality "1"]
[TimeControl "40/5400+30:1800+30"]

1. e4 {[%emt 0:03:06]} e6 {[%emt 0:03:05]} 2. d4 {[%emt 0:00:15]} d5 {[%emt 0:00:06]} 3. Nc3 {[%emt 0:00:35]} Nf6 {[%emt 0:00:09]} 4. e5 {[%emt 0:00:59]} Nfd7 {[%emt 0:00:08]} 5. f4 {[%emt 0:00:12]} c5 {[%emt 0:00:11]} 6. Nf3 {[%emt 0:00:29]} Nc6 {[%emt 0:00:15]} 7. Be3 {[%emt 0:00:33]} cxd4 {[%emt 0:00:20]} 8. Nxd4 {[%emt 0:00:30]} Bc5 {[%emt 0:00:23]} 9. Qd2 {[%emt 0:03:31]} O-O {[%emt 0:00:32]} 10. O-O-O {[%emt 0:01:09]} a6 {[%emt 0:00:18]} 11. Kb1 {[%emt 0:10:41]} Nxd4 {[%emt 0:01:11]} 12. Bxd4 {[%emt 0:07:03]} b5 {[%emt 0:00:43]} 13. Ne2 {[%emt 0:17:24]} a5 {[%emt 0:08:08]} 14. Bxc5 {[%emt 0:07:51]} Nxc5 {[%emt 0:00:07]} 15. Nd4 {[%emt 0:00:21]} b4 {[%emt 0:00:14]} 16. Be2 {[%emt 0:01:32]} Ba6 {[%emt 0:02:57]} 17. Bf3 {[%emt 0:01:33]} Qb6 {[%emt 0:02:21]} 18. f5 {[%emt 0:04:46]} exf5 {[%emt 0:10:12]} 19. Bxd5 {[%emt 0:10:03]} Rad8 {[%emt 0:13:04]} 20. Nxf5 {[%emt 0:01:59]} Ne4 {[%emt 0:00:43]} 21. Qd4 {[%emt 0:00:45]} Qxd4 {[%emt 0:05:36]} 22. Rxd4 {[%emt 0:00:14]} Nc5 {[%emt 0:00:27]} 23. Nd6 {[%emt 0:06:48]} Nb7 {[%emt 0:06:55]} 24. Rhd1 {[%emt 0:03:05]} Nxd6 {[%emt 0:01:57]} 25. exd6 {[%emt 0:00:10]} Rfe8 {[%emt 0:01:32]} 26. b3 {[%emt 0:01:30]} Kf8 {[%emt 0:01:36]} 27. Bc6 {[%emt 0:12:54]} Re6 {[%emt 0:07:17]} 28. Kb2 {[%emt 0:00:19]} Bc8 {[%emt 0:00:42]} 29. a3 {[%emt 0:01:02]} Rh6 {[%emt 0:05:39]} 30. h3 {[%emt 0:01:05]} Bf5 {[%emt 0:01:30]} 31. R1d2 {[%emt 0:00:58]} Rf6 {[%emt 0:01:36]} 32. Bf3 {[%emt 0:01:14]} Bg6 {[%emt 0:00:32]} 33. axb4 {[%emt 0:00:21]} axb4 {[%emt 0:00:07]} 34. Bg4 {[%emt 0:00:34]} h5 {[%emt 0:02:06]} 35. Bf3 {[%emt 0:00:05]} Re6 {[%emt 0:01:38]} 36. Bb7 {[%emt 0:00:37]} Rf6 {[%emt 0:01:26]} 37. g4 {[%emt 0:00:58]} hxg4 {[%emt 0:00:26]} 38. hxg4 {[%emt 0:00:04]} Re6 {[%emt 0:01:20]} 39. Bg2 {[%emt 0:01:07]} Rf6 {[%emt 0:00:33]} 40. Bc6 {[%emt 0:00:36]} Re6 {[%emt 0:00:21]} 41. Bb5 {[%emt 0:02:58]} Rf6 {[%emt 0:01:41]} 42. d7 {[%emt 0:02:03]} Rb6 {[%emt 0:02:35]} 43. Rxb4 {[%emt 0:00:21]} f5 {[%emt 0:00:32]} 44. c4 {[%emt 0:05:11]} 1-0

[Event "22nd Ruzomberok Open 2019"]
[Site "Ruzomberok"]
[Date "2019.07.06"]
[Round "8.16"]
[White "Salomons, Lorenzo"]
[Black "Bakalar, Jan"]
[Result "1/2-1/2"]
[WhiteElo "1842"]
[BlackElo "1964"]
[Annotator "NA"]
[PlyCount "29"]
[EventDate "2019.06.29"]
[EventType "swiss"]
[EventCountry "SVK"]
[SourceTitle "playchess.com"]
[Source "ChessBase"]
[SourceQuality "1"]
[TimeControl "40/5400+30:1800+30"]

1. d4 {[%emt 0:00:00]} Nf6 {[%emt 0:00:00]} 2. g3 {[%emt 0:00:00]} d5 {[%emt 0:05:17]} 3. Bg2 {[%emt 0:00:23]} Bf5 {[%emt 0:00:38]} 4. Nf3 {[%emt 0:00:58]} e6 {[%emt 0:00:16]} 5. O-O {[%emt 0:00:50]} Nbd7 {[%emt 0:02:57]} 6. Nbd2 {[%emt 0:02:36]} h6 {[%emt 0:01:30]} 7. c4 {[%emt 0:01:24]} c6 {[%emt 0:00:16]} 8. b3 {[%emt 0:08:55]} Be7 {[%emt 0:01:51]} 9. Bb2 {[%emt 0:01:52]} O-O {[%emt 0:00:13]} 10. Ne5 {[%emt 0:03:41]} Nxe5 {[%emt 0:04:50]} 11. dxe5 {[%emt 0:00:02]} Nd7 {[%emt 0:00:09]} 12. e4 {[%emt 0:19:28]} dxe4 {[%emt 0:01:14]} 13. Bxe4 {[%emt 0:02:41]} Bxe4 {[%emt 0:06:32]} 14. Nxe4 {[%emt 0:00:13]} Qc7 {[%emt 0:02:37]} 15. Qh5 {[%emt 0:11:52]} 1/2-1/2

[Event "22nd Ruzomberok Open 2019"]
[Site "Ruzomberok"]
[Date "2019.07.06"]
[Round "8.17"]
[White "Zilkay, Dominik"]
[Black "Koloditsova, Renata"]
[Result "0-1"]
[WhiteElo "1328"]
[BlackElo "1903"]
[Annotator "NA"]
[PlyCount "48"]
[EventDate "2019.06.29"]
[EventType "swiss"]
[EventCountry "SVK"]
[SourceTitle "playchess.com"]
[Source "ChessBase"]
[SourceQuality "1"]
[TimeControl "40/5400+30:1800+30"]

1. e4 {[%emt 0:10:39]} e6 {[%emt 0:00:00]} 2. d4 {[%emt 0:00:08]} d5 {[%emt 0:00:00]} 3. e5 {[%emt 0:00:12]} c5 {[%emt 0:00:00]} 4. c3 {[%emt 0:00:07]} Nc6 {[%emt 0:00:06]} 5. Nf3 {[%emt 0:00:05]} Qb6 {[%emt 0:00:19]} 6. Bd3 {[%emt 0:00:18]} Bd7 {[%emt 0:00:58]} 7. O-O {[%emt 0:00:17]} cxd4 {[%emt 0:07:51]} 8. cxd4 {[%emt 0:00:10]} Nxd4 {[%emt 0:01:15]} 9. Nxd4 {[%emt 0:00:07]} Qxd4 {[%emt 0:00:07]} 10. Qe2 {[%emt 0:00:06]} Ne7 {[%emt 0:06:09]} 11. Nd2 {[%emt 0:00:20]} Nc6 {[%emt 0:04:23]} 12. Nf3 {[%emt 0:00:09]} Qb6 {[%emt 0:04:18]} 13. Bg5 {[%emt 0:03:00]} h6 {[%emt 0:01:49]} 14. Bh4 {[%emt 0:11:26]} Nb4 {[%emt 0:07:32]} 15. Rfc1 {[%emt 0:10:22]} Nxd3 {[%emt 0:12:44]} 16. Qxd3 {[%emt 0:02:16]} Bc6 {[%emt 0:01:08]} 17. Qd2 {[%emt 0:05:14]} Bb4 {[%emt 0:10:17]} 18. Qf4 {[%emt 0:01:25]} g5 {[%emt 0:06:47]} 19. Qf6 {[%emt 0:01:11]} Rh7 {[%emt 0:03:32]} 20. Bxg5 {[%emt 0:04:34]} hxg5 {[%emt 0:01:39]} 21. Qxg5 {[%emt 0:00:47]} Kd7 {[%emt 0:02:10]} 22. Qf4 {[%emt 0:01:57]} Be7 {[%emt 0:01:40]} 23. Nd4 {[%emt 0:04:35]} Rh4 {[%emt 0:04:15]} 24. g4 {[%emt 0:01:35]} Rg8 {[%emt 0:02:10]} 0-1

[Event "22nd Ruzomberok Open 2019"]
[Site "Ruzomberok"]
[Date "2019.07.06"]
[Round "8.18"]
[White "Palider, Pavol"]
[Black "Kapicakova, Lucia"]
[Result "1/2-1/2"]
[WhiteElo "2026"]
[BlackElo "1671"]
[Annotator "NA"]
[PlyCount "124"]
[EventDate "2019.06.29"]
[EventType "swiss"]
[EventCountry "SVK"]
[SourceTitle "playchess.com"]
[Source "ChessBase"]
[SourceQuality "1"]
[TimeControl "40/5400+30:1800+30"]

1. d4 {[%emt 0:00:00]} Nf6 {[%emt 0:00:00]} 2. Nc3 {[%emt 0:00:37]} g6 {[%emt 0:00:00]} 3. e4 {[%emt 0:00:21]} d6 {[%emt 0:00:20]} 4. Be2 {[%emt 0:00:16]} Nbd7 {[%emt 0:00:46]} 5. Be3 {[%emt 0:00:14]} Bg7 {[%emt 0:00:41]} 6. Qd2 {[%emt 0:00:12]} a5 {[%emt 0:17:10]} 7. Bh6 {[%emt 0:00:40]} O-O {[%emt 0:02:00]} 8. Bxg7 {[%emt 0:00:07]} Kxg7 {[%emt 0:00:06]} 9. h4 {[%emt 0:00:15]} e5 {[%emt 0:08:33]} 10. d5 {[%emt 0:00:19]} h6 {[%emt 0:04:28]} 11. g4 {[%emt 0:02:02]} Nh7 {[%emt 0:01:38]} 12. O-O-O {[%emt 0:00:30]} Nc5 {[%emt 0:03:59]} 13. Nh3 {[%emt 0:03:25]} Bd7 {[%emt 0:03:17]} 14. f4 {[%emt 0:00:15]} exf4 {[%emt 0:03:56]} 15. Nxf4 {[%emt 0:00:46]} Qe7 {[%emt 0:02:07]} 16. Bf3 {[%emt 0:05:53]} b5 {[%emt 0:02:43]} 17. Rde1 {[%emt 0:01:18]} Qe5 {[%emt 0:05:03]} 18. Nce2 {[%emt 0:01:11]} b4 {[%emt 0:07:37]} 19. Nd4 {[%emt 0:03:08]} Rfb8 {[%emt 0:07:18]} 20. Nb3 {[%emt 0:05:40]} Nxb3+ {[%emt 0:04:49]} 21. cxb3 {[%emt 0:00:37]} a4 {[%emt 0:02:55]} 22. Nd3 {[%emt 0:01:37]} Qd4 {[%emt 0:01:55]} 23. Bd1 {[%emt 0:03:03]} axb3 {[%emt 0:05:21]} 24. Bxb3 {[%emt 0:00:26]} Bxg4 {[%emt 0:07:44]} 25. Rhg1 {[%emt 0:00:10]} Bf3 {[%emt 0:03:21]} 26. Qe3 {[%emt 0:05:26]} Qxe3+ {[%emt 0:01:07]} 27. Rxe3 {[%emt 0:00:08]} Bh5 {[%emt 0:00:37]} 28. Nf4 {[%emt 0:02:04]} Nf6 {[%emt 0:00:55]} 29. e5 {[%emt 0:00:15]} dxe5 {[%emt 0:01:10]} 30. Rxe5 {[%emt 0:00:10]} Kf8 {[%emt 0:02:12]} 31. Rf1 {[%emt 0:03:24]} Re8 {[%emt 0:01:04]} 32. Rxe8+ {[%emt 0:01:16]} Kxe8 {[%emt 0:00:31]} 33. Nxg6 {[%emt 0:00:21]} fxg6 {[%emt 0:00:26]} 34. Rxf6 {[%emt 0:00:09]} Ke7 {[%emt 0:00:26]} 35. Re6+ {[%emt 0:01:10]} Kd7 {[%emt 0:00:29]} 36. Kd2 {[%emt 0:00:27]} Rf8 {[%emt 0:00:36]} 37. Ba4+ {[%emt 0:01:55]} Kc8 {[%emt 0:00:32]} 38. Bc6 {[%emt 0:01:46]} Kb8 {[%emt 0:00:29]} 39. a3 {[%emt 0:01:53]} Rf2+ {[%emt 0:00:31]} 40. Kc1 {[%emt 0:00:20]} bxa3 {[%emt 0:00:26]} 41. bxa3 {[%emt 0:32:45]} Rf4 {[%emt 0:04:24]} 42. Re8+ {[%emt 0:00:00]} Ka7 {[%emt 0:01:44]} 43. Rh8 {[%emt 0:00:00]} Rxh4 {[%emt 0:01:10]} 44. Rxh6 {[%emt 0:00:00]} Rh2 {[%emt 0:03:32]} 45. a4 {[%emt 0:00:00]} Kb6 {[%emt 0:03:24]} 46. Rh8 {[%emt 0:00:00]} g5 {[%emt 0:09:11]} 47. Rb8+ {[%emt 0:00:00]} Kc5 {[%emt 0:02:23]} 48. a5 {[%emt 0:00:00]} g4 {[%emt 0:04:45]} 49. Rg8 {[%emt 0:00:00]} Ra2 {[%emt 0:01:32]} 50. Rg5 {[%emt 0:00:00]} Bf7 {[%emt 0:00:50]} 51. Bb7 {[%emt 0:00:00]} g3 {[%emt 0:01:32]} 52. Kb1 {[%emt 0:00:00]} Ra4 {[%emt 0:01:06]} 53. a6 {[%emt 0:00:00]} g2 {[%emt 0:00:42]} 54. Rxg2 {[%emt 0:00:00]} Bxd5 {[%emt 0:00:28]} 55. Rg5 {[%emt 0:00:00]} c6 {[%emt 0:00:28]} 56. Kb2 {[%emt 0:00:00]} Kb6 {[%emt 0:00:47]} 57. Rg6 {[%emt 0:00:00]} Kc5 {[%emt 0:00:40]} 58. Kc3 {[%emt 0:00:00]} Ra3+ {[%emt 0:00:23]} 59. Kd2 {[%emt 0:00:00]} Kb6 {[%emt 0:00:34]} 60. Rf6 {[%emt 0:00:00]} Ka7 {[%emt 0:00:30]} 61. Rh6 {[%emt 0:01:38]} Bc4 {[%emt 0:00:35]} 62. Rxc6 {[%emt 0:01:08]} Bxa6 {[%emt 0:00:19]} 1/2-1/2